| 000 | 00592cam a22002054a 4500 | ||
|---|---|---|---|
| 020 | _a0070049238 | ||
| 020 | _a0070049491 | ||
| 020 | _a0070049203 | ||
| 040 | _cDLC | ||
| 082 | _a909 HIL 2000 A114 Or. | ||
| 100 | 1 | _aBentley, Jerry H., | |
| 245 | 1 | 0 |
_aTraditions & encounters : _ba global perspective on the past / |
| 246 | 3 | _aTraditions and encounters | |
| 260 |
_aBoston : _bMcGraw Hill, _cc2000 |
||
| 300 |
_a1 v. (various pagings) : _bcol. ill., maps ; _c27 cm |
||
| 650 | 0 | _aWorld history | |
| 650 | 0 | _aIntercultural communication | |
| 700 | 1 | _aZiegler, Herbert F., | |
| 942 | _cEK | ||
| 999 |
_c16755 _d16755 |
||